00374nam a22000977a 4500008004100000082001600041100002700057245014000084260003200224300002000256230629b xxu||||| |||| 00| 0 eng d a346.06bEAC cEast African Community aSecretariat of the commission for East African Co-operationbReports of the Permanent Tripartite CommissioncSixth and Seventh Meetings aArusha, TanzaniabEACc2003 avarious panging